000 00633nam a2200241Ia 4500
003 OSt
005 20221006153554.0
006 a|||||r|||| 00| 0
007 ta
008 221006b |||||||| |||| 00| 0 eng d
024 _a32,727
037 _bGift, Korean Embassy
_cVideo
040 _aEASL
_cEASL
_beng
041 _2eng
_aeng
100 _aKorea Foundation
_9594346
245 0 _aDynamic culture of contemporary Korea
260 _aKorea
_bKorea Foundation
300 _a DVD
_ccm.
490 _v 1
650 _aCulture
942 _cAUD
_2CC
999 _c1100813
_d1100813